|
|
|
|
| LEADER |
00000cam a22000004a 4500 |
| 001 |
musev2_11276 |
| 003 |
MdBmJHUP |
| 005 |
20230905041253.0 |
| 006 |
m o d |
| 007 |
cr||||||||nn|n |
| 008 |
090309s2009 wau o 00 0 eng d |
| 010 |
|
|
|z 2009010167
|
| 020 |
|
|
|a 9780295800202
|
| 020 |
|
|
|z 9780295989358
|
| 035 |
|
|
|a (OCoLC)701095615
|
| 040 |
|
|
|a MdBmJHUP
|c MdBmJHUP
|
| 043 |
|
|
|a n-us---
|
| 050 |
0 |
4 |
|a KF373.Z56
|b A3 2009
|
| 100 |
1 |
|
|a Ziontz, Alvin J.
|
| 245 |
1 |
2 |
|a A Lawyer in Indian Country :
|b A Memoir /
|c Alvin J. Ziontz ; foreword by Charles Wilkinson.
|
| 264 |
|
1 |
|a Seattle :
|b University of Washington Press,
|c 2009.
|
| 264 |
|
3 |
|a Baltimore, Md. :
|b Project MUSE,
|c 2012
|
| 264 |
|
4 |
|c ©2009.
|
| 300 |
|
|
|a 1 online resource (328 pages):
|b ill. ;
|
| 336 |
|
|
|a text
|b txt
|2 rdacontent
|
| 337 |
|
|
|a computer
|b c
|2 rdamedia
|
| 338 |
|
|
|a online resource
|b cr
|2 rdacarrier
|
| 504 |
|
|
|a Includes bibliographical references (p. 281-283) and index.
|
| 505 |
0 |
|
|a The road to Neah Bay -- The road to Neah Bay begins in Chicago -- The University of Chicago, the army, and Seattle -- Becoming a lawyer -- Seven years of lawyering in West Seattle -- Creating a law firm -- Indian fishing rights : joining the struggle -- The Makahs -- Recovering lost property : Ozette, Tatoosh, and Waadah -- The Lummi Tribe -- Indian fishing rights : eighty years of suppression, twenty years of confrontation -- The big bang : U.S. v. Washington begins -- U.S. v. Washington : the trial -- U.S. v. Washington : closing arguments and Judge Boldt's decision -- The U.S. Supreme Court has the last word : consequences of the Boldt decision -- The Confederated Tribes of the Colville Reservation -- The Northern Cheyennes fight strip-mining -- The Northern Cheyennes and the Hollowbreast case -- The Oliphant case : a setback for tribal government -- Writing about the Indian Civil Rights Act -- Leaving law for academia -- A firm of tribal attorneys -- Representing fishermen of the Alaska Peninsula -- The Mille Lacs Band of Chippewas -- The Wanda Boswell case -- The Northern Arapaho Tribe -- Photographing the Northern Cheyennes -- The Makah whale hunt -- A life in being.
|
| 588 |
|
|
|a Description based on print version record.
|
| 600 |
1 |
0 |
|a Ziontz, Alvin J.
|
| 650 |
|
0 |
|a Indians of North America
|x Legal status, laws, etc.
|
| 650 |
|
0 |
|a Indians of North America
|x Civil rights.
|
| 650 |
|
0 |
|a Lawyers
|z United States
|v Biography.
|
| 655 |
|
7 |
|a Electronic books.
|2 local
|
| 710 |
2 |
|
|a Project Muse.
|e distributor
|
| 830 |
|
0 |
|a Book collections on Project MUSE.
|
| 856 |
4 |
0 |
|z Texto completo
|u https://projectmuse.uam.elogim.com/book/11276/
|
| 945 |
|
|
|a Project MUSE - Custom Collection
|
| 945 |
|
|
|a Project MUSE - Archive Complete Foundation
|
| 945 |
|
|
|a Project MUSE - Archive History Foundation
|